| 000 | 00476nam a2200157Ia 4500 | ||
|---|---|---|---|
| 003 | OSt | ||
| 005 | 20260226095626.0 | ||
| 008 | 211028s2019 xx 000 0 und d | ||
| 020 | _c00357nam a2200097Ia 4500 | ||
| 040 | _cAIMIT LIBRARY | ||
| 041 | _aeng | ||
| 100 |
_aAranha, Lareesha Shainy; Harinakshi. _g1716092 _98070 |
||
| 245 | _aStudy on the employee performance appraisal at Mandovi Motors Pvt Ltd / | ||
| 260 |
_aMangalore _bT Ramesh Kamath _c2019 |
||
| 942 |
_2ddc _cPRO |
||
| 999 |
_c219638 _d219638 |
||